Las remesas y el bienestar en las familias de migrantes /

Furkejuvvon:
Bibliográfalaš dieđut
Váldodahkki: Corona, Miguel Angel
Materiálatiipa: Texto
Fáddágilkorat: Lasit fáddágilkoriid
Eai fáddágilkorat, Lasit vuosttaš fáddágilkora!

MARC

LEADER 00000 a a2200000 04500
001 46263
003
040
100 |a Corona, Miguel Angel  
245 |a Las remesas y el bienestar en las familias de migrantes /  |c Miguel Angel Corona  
773 |g volumen22, número43 (2014), páginas 185-207 : tabla, gráficos  
999 |c 22783  |d 22783